000 00509nam a2200205Ia 4500
005 20251121151607.0
008 230125s9999 xx 000 0 und d
020 _a9788184959222
041 _aeng
082 _a158.1
_bGRA
100 _aGray J
_9214960
245 _aConscious Men
260 _c2016
_bJaico Publishing House
_aMumbai
300 _a237p
500 _aPersonality Development
650 _aPersonality Development
_9213420
700 _aGray J
_9214960
906 _b92.69
942 _cBK
999 _c94476
_d94476